Dobrovoľné sociálne poistenie

Vznik a zánik dobrovoľného poistenia. Dobrovoľné nemocenské poistenie, dobrovoľné dôchodkové poistenie, dobrovoľné poistenie v nezamestnanosti. Vymeriavací základ poistenca.

Gespeichert in:
Bibliographische Detailangaben
1. Verfasser: Slaninková, Katarína
Format: Buchkapitel
Sprache:Slowakisch
Schlagworte:
Tags: Tag hinzufügen
Keine Tags, Fügen Sie das erste Tag hinzu!

MARC

LEADER 00000naa a2200000 4500
001 0206800
005 20231120135302.8
041 0 |a slo 
044 |a SK 
245 1 0 |a Dobrovoľné sociálne poistenie  |c Katarína Slaninková 
520 |a Vznik a zánik dobrovoľného poistenia. Dobrovoľné nemocenské poistenie, dobrovoľné dôchodkové poistenie, dobrovoľné poistenie v nezamestnanosti. Vymeriavací základ poistenca. 
610 2 0 |a poistenie dobrovoľné 
610 2 0 |a poistenie dôchodkové 
610 2 0 |a poistenie nemocenské 
610 2 0 |a poistenie v nezamestnanosti 
100 1 |a Slaninková, Katarína